Deutsche Sonder-Kfz-Kennzeichen - Statistiken

Allgemein
  • Dieses Quiz wurde 130 mal gespielt
  • Das Durchschnittsergebnis liegt bei 7 aus 19
Antwortstatistiken
Hint Antwort % Korrekt
Y Bundeswehr
74%
BP Bundespolizei
72%
THW Technisches Hilfswerk
60%
NRW Nordrhein-Westfalen
58%
BBL Brandenburgische Landesregierung
48%
SH Schleswig-Holstein
45%
MVL Mecklenburg-Vorpommerscher Landtag
41%
THL Thüringer Landtag
41%
SAL Saarländischer Landtag
36%
HEL Hessischer Landtag
35%
LSA Land Sachsen-Anhalt
32%
BYL Bayerischer Landtag
27%
LSN Landtag Sachsen
27%
NL Niedersächsischer Landtag
26%
RPL Rheinland-Pfälzischer Landtag
26%
BWL Baden-Würtembergischer Landtag
18%
BD Bundesdienst
13%
X Internationale Hauptquartiere NATO
6%
BW Bundes-Wasserstraßen und Schifffahrtsverwaltung
4%
Keine übereinstimmenden Quizze gefunden
Verteilung der Resultate
Anzahl Personen mit jedem Resultat
Perzentil nach korrekt beantworteten Fragen
Ihre Resultats-Entwicklung
Sie haben dieses Quiz noch nicht gespielt